000 00711nam a2200241Ia 4500
003 OSt
005 20220930071944.0
006 a|||||r|||| 00| 0
007 ta
008 220926b |||||||| |||| 00| 0 hin d
024 _a18577
037 _cTheses
040 _aCRL
_cCRL
_bhin
041 _2hin
_ahin
100 _aGarg Uma
_9518285
110 _aUniversity of Delhi. Faculty of Music and Fine Arts. Department of Music
_9520437
245 0 _aHindi filmi geeto ka sangeet ka sandarya bodh
260 _c1989
650 _aMUSIC
_917402
700 _aUniversity of Delhi. Faculty of Music and Fine Arts. Department of Music
_9520438
942 _cDIS
_2CC
999 _c863118
_d863118